000 00559nam a2200205 4500
001 136744
003 ES-MaACL
005 20250911062654.0
007 t|
008 070214s1959 sp r ||||1| spa d
100 1 _aSagarra, Josep M. de,
_d1894-1961
_9101415
245 1 0 _aCola de gallo /
_cJosep M. de Sagarra.
250 _a1ª. ed.
260 _aBarcelona :
_bDestino,
_c1959.
300 _a254 p. ;
_c19 cm.
490 1 _aAncora y delfín
830 0 0 _aÁncora y Delfín
_9151298
852 _aES-MaACL
_jC-16331
_bR.44376
999 _c136744
_d136744